[Event "EU-ch U16 27th"]
[Site "Mamaia"]
[Date "2017.09.09"]
[Round "5"]
[White "Sousa, Hugo Carneiro"]
[Black "Raduta Gib, Stefan Vladimir"]
[Result "0-1"]
[WhiteElo "2049"]
[BlackElo "1629"]
[PlyCount "102"]
[EventDate "2017.09.05"]
[EventType "swiss"]
[EventRounds "9"]
[EventCountry "ROU"]
[SourceTitle "EXT 2018"]
[Source "ChessBase"]
[SourceDate "2017.10.13"]
[SourceVersion "1"]
[SourceVersionDate "2017.10.13"]
[SourceQuality "1"]

1. e4 c6 2. d4 d5 3. e5 Bf5 4. Ne2 e6 5. Ng3 Bg6 6. h4 h5 7. Bd3 Bxd3 8. Qxd3 Qa5+ 9. Bd2 Qa6 10. Qxa6 Nxa6 11. Nc3 Nc7 12. Nce2 Rc8 13. Bg5 Be7 14. Bxe7 Nxe7 15. Nf4 g6 16. Nd3 b6 17. c3 Na6 18. Kd2 Kd7 19. Nf1 c5 20. Ne1 cxd4 21. cxd4 Nf5 22. Nf3 Nb4 23. a3 Nc2 24. Rc1 Ncxd4 25. Nxd4 Nxd4 26. Rxc8 Rxc8 27. Ne3 Nf5 28. Nxf5 gxf5 29. g3 Rc4 30. f3 Ke7 31. Rf1 f6 32. exf6+ Kxf6 33. b3 Rd4+ 34. Ke3 e5 35. Rc1 f4+ 36. gxf4 Rxf4 37. Rc7 d4+ 38. Ke2 Rxh4 39. Rxa7 Rh2+ 40. Kd3 Rb2 41. b4 Rb3+ 42. Ke2 h4 43. Rb7 Rxa3 44. Rxb6+ Kg5 45. Rb8 h3 46. Rg8+ Kh5 47. Kf2 h2 48. Kg2 Ra2+ 49. Kh1 d3 50. Rd8 d2 51. b5 Ra1+ 0-1

[Event "ROM-ch U14"]
[Site "Calimanesti Caciulata"]
[Date "2016.04.24"]
[Round "8"]
[White "Raduta Gib, Stefan Vladimir"]
[Black "Chivulescu, Adrian Alexandru"]
[Result "1-0"]
[WhiteElo "1573"]
[BlackElo "1823"]
[PlyCount "81"]
[EventDate "2016.04.18"]
[EventType "swiss"]
[EventRounds "9"]
[EventCountry "ROU"]
[SourceTitle "CBM 172 Extra"]
[Source "ChessBase"]
[SourceDate "2016.06.21"]
[SourceVersion "1"]
[SourceVersionDate "2016.06.21"]
[SourceQuality "1"]

1. e4 e5 2. Nf3 Nc6 3. Bb5 a6 4. Ba4 Nf6 5. d3 d6 6. Nc3 Bg4 7. Be3 b5 8. Bb3 Be7 9. 0-0 0-0 10. a4 b4 11. Nd5 Nxd5 12. Bxd5 Qd7 13. a5 Rad8 14. h3 Be6 15. Nd2 Bf6 16. Bc4 Qc8 17. Qf3 Ne7 18. Rfe1 Ng6 19. Rab1 c6 20. Bxe6 fxe6 21. Nb3 c5 22. c4 bxc3 23. bxc3 c4 24. dxc4 Qxc4 25. Rec1 Bg5 26. Qg3 Bf4 27. Bxf4 exf4 28. Qf3 Ne5 29. Qd1 Qxe4 30. Qd4 Qg6 31. Nd2 Nd3 32. Rd1 Nc5 33. Rb6 Rf5 34. Rxd6 Rxd6 35. Qxd6 Rd5 36. Qxf4 Qc2 37. Rb1 Qxd2 38. Rb8+ Rd8 39. Qxd2 Rxb8 40. Qd6 Rb1+ 41. Kh2 1-0

[Event "ROM-ch U14"]
[Site "Calimanesti"]
[Date "2015.04.06"]
[Round "9"]
[White "Csurka, Roland"]
[Black "Raduta Gib, Stefan Vladimir"]
[Result "1-0"]
[WhiteElo "1800"]
[BlackElo "1547"]
[PlyCount "109"]
[EventDate "2015.03.30"]
[EventType "swiss"]
[EventRounds "9"]
[EventCountry "ROU"]
[SourceTitle "EXT 2016"]
[Source "ChessBase"]
[SourceDate "2015.10.08"]
[SourceVersion "1"]
[SourceVersionDate "2015.10.08"]
[SourceQuality "1"]

1. e4 c6 2. d4 d5 3. exd5 cxd5 4. Nf3 Bg4 5. h3 Bh5 6. Be2 Nc6 7. 0-0 Nf6 8. c3 e6 9. Ne5 Bxe2 10. Qxe2 Be7 11. Bg5 h6 12. Bxf6 Bxf6 13. Nxc6 bxc6 14. Nd2 0-0 15. f4 Re8 16. Qh5 Qb6 17. Nb3 e5 18. fxe5 Rxe5 19. Qg4 Rg5 20. Qe2 Re5 21. Qf2 Re7 22. Rae1 Rae8 23. Rxe7 Rxe7 24. Re1 Qb5 25. Rxe7 Bxe7 26. Qe1 Bf6 27. Qf1 Qa4 28. Qb1 Qc4 29. Qc2 Bg5 30. Kf2 Be7 31. g3 c5 32. Qe2 Qxe2+ 33. Kxe2 c4 34. Nd2 Bd6 35. g4 Bf4 36. b4 Kf8 37. a4 Ke7 38. Nf3 Kd6 39. Nh4 g6 40. Ng2 Bg5 41. h4 Bd8 42. Kf3 Ke6 43. Nf4+ Kd6 44. h5 g5 45. Ng2 Ke7 46. Ne3 Bc7 47. Nf5+ Kf6 48. Nxh6 Bf4 49. Ke2 Bd6 50. Nf5 Bc7 51. h6 Kg6 52. Ne7+ Kxh6 53. Nxd5 Bd8 54. Ne3 Kg6 55. Nxc4 1-0

[Event "ROM-ch U14"]
[Site "Calimanesti"]
[Date "2015.04.05"]
[Round "8"]
[White "Pasca, Mihai Alexandru"]
[Black "Raduta Gib, Stefan Vladimir"]
[Result "0-1"]
[WhiteElo "1531"]
[BlackElo "1547"]
[PlyCount "84"]
[EventDate "2015.03.30"]
[EventType "swiss"]
[EventRounds "9"]
[EventCountry "ROU"]
[SourceTitle "CBM 165 Extra"]
[Source "ChessBase"]
[SourceDate "2015.04.21"]
[SourceVersion "1"]
[SourceVersionDate "2015.04.21"]
[SourceQuality "1"]

1. e4 c6 2. d4 d5 3. e5 Bf5 4. Nc3 e6 5. g4 Bg6 6. h4 h5 7. g5 c5 8. Nge2 Nc6 9. Nf4 Bf5 10. Bb5 Qb6 11. Be3 a6 12. Bxc6+ bxc6 13. Na4 Qa5+ 14. c3 cxd4 15. b4 Qb5 16. Bxd4 Bg4 17. Qc2 Rb8 18. Bc5 Bxc5 19. Nxc5 Qc4 20. Qd3 Qxf4 21. Qxa6 Qxe5+ 22. Kf1 Ne7 23. Qa7 Qd6 24. a4 0-0 25. Qd7 Rfd8 26. Qxd6 Rxd6 27. a5 Ra8 28. Kg2 Be2 29. a6 Bb5 30. Ra3 Ra7 31. Nb7 Rd7 32. Nc5 Rd8 33. Rha1 Rda8 34. f4 Nf5 35. Kh3 Kf8 36. R1a2 Bc4 37. Ra1 Ke7 38. Ra5 Bb5 39. R5a3 Kd8 40. R3a2 Kc7 41. Rd2 Bxa6 42. Rda2 Bf1+ 0-1

[Event "ROM-ch U14"]
[Site "Calimanesti"]
[Date "2015.04.02"]
[Round "4"]
[White "Raduta Gib, Stefan Vladimir"]
[Black "Unguroiu, Victor Stefan"]
[Result "1-0"]
[WhiteElo "1547"]
[BlackElo "1093"]
[PlyCount "115"]
[EventDate "2015.03.30"]
[EventType "swiss"]
[EventRounds "9"]
[EventCountry "ROU"]
[SourceTitle "CBM 165 Extra"]
[Source "ChessBase"]
[SourceDate "2015.04.21"]
[SourceVersion "1"]
[SourceVersionDate "2015.04.21"]
[SourceQuality "1"]

1. d4 d5 2. Nf3 Nf6 3. Bf4 Bf5 4. e3 e6 5. Be2 Be7 6. 0-0 0-0 7. c4 c6 8. Nc3 Nbd7 9. c5 b6 10. b4 a5 11. a3 bxc5 12. bxc5 Ne4 13. Nxe4 Bxe4 14. Qa4 Qc8 15. Nd2 Bf5 16. Nf3 Bf6 17. Bd6 Re8 18. Rfd1 e5 19. Ra2 Bg4 20. h3 Bh5 21. Rb2 e4 22. Nh2 Bxe2 23. Rxe2 Qa6 24. Rb2 Rac8 25. Nf1 Bh4 26. Ng3 Bxg3 27. Bxg3 Nf6 28. Rdd2 h6 29. Rb6 Qc4 30. Qxa5 Ra8 31. Qb4 Qc1+ 32. Kh2 Rxa3 33. Qb2 Ra1 34. Qxc1 Rxc1 35. Rdb2 Nd7 36. Rb7 Ra8 37. Rxd7 Raa1 38. Bd6 g5 39. Rbb7 Rh1+ 40. Kg3 Kg7 41. Rxf7+ Kg6 42. Rg7+ Kh5 43. Bf8 Ra8 44. Rbf7 Rxf8 45. Rxf8 Ra1 46. Rf6 Ra8 47. Rgg6 Rh8 48. Rxc6 Rh7 49. Rxh6+ Rxh6 50. Rxh6+ Kxh6 51. c6 Kg7 52. c7 g4 53. Kxg4 Kg6 54. c8Q Kh6 55. h4 Kg6 56. h5+ Kg7 57. Qf5 Kh6 58. Qg6# 1-0

[Event "ROM-ch U12"]
[Site "Calimanesti"]
[Date "2014.04.10"]
[Round "6"]
[White "Raduta Gib, Stefan Vladimir"]
[Black "Tugurlan, Ionut Cristian"]
[Result "1/2-1/2"]
[WhiteElo "1344"]
[BlackElo "1538"]
[PlyCount "58"]
[EventDate "2014.04.06"]
[EventType "swiss"]
[EventRounds "9"]
[EventCountry "ROU"]
[SourceTitle "CBM 160 Extra"]
[Source "ChessBase"]
[SourceDate "2014.07.01"]
[SourceVersion "1"]
[SourceVersionDate "2014.07.01"]
[SourceQuality "1"]

1. d4 e6 2. Nf3 f5 3. Bg5 Be7 4. Bxe7 Qxe7 5. a3 Nf6 6. e3 b6 7. Bd3 Bb7 8. 0-0 0-0 9. c4 Ne4 10. Bxe4 fxe4 11. Nfd2 Qg5 12. Nc3 d5 13. cxd5 exd5 14. Nb5 Qe7 15. Rc1 c6 16. Nc3 Qg5 17. b4 Bc8 18. Kh1 Rf6 19. Ncxe4 dxe4 20. Nxe4 Qg6 21. Nxf6+ Qxf6 22. Qb3+ Be6 23. Qc3 Bd5 24. f3 b5 25. e4 Bc4 26. Rfe1 Nd7 27. Red1 Nb6 28. Qe3 Re8 29. e5 Qe6 1/2-1/2

[Event "ROM-ch U14"]
[Site "Calimanesti"]
[Date "2013.04.07"]
[Round "8"]
[White "Raduta Gib, Stefan Vladimir"]
[Black "Comsa, Razvan Lucian"]
[Result "1-0"]
[WhiteElo "1227"]
[BlackElo "1571"]
[PlyCount "83"]
[EventDate "2013.04.02"]
[EventType "swiss"]
[EventRounds "9"]
[EventCountry "ROU"]
[SourceTitle "CBM 153 Extra"]
[Source "ChessBase"]
[SourceDate "2013.04.22"]
[SourceVersion "1"]
[SourceVersionDate "2013.04.22"]
[SourceQuality "1"]

1. d4 Nf6 2. Bg5 g6 3. Bxf6 exf6 4. g3 Bg7 5. Bg2 0-0 6. Nf3 d6 7. 0-0 c6 8. e3 Be6 9. Nbd2 f5 10. c4 d5 11. c5 Nd7 12. b4 Nf6 13. Ne5 Ne4 14. Ndf3 f6 15. Nd3 Ng5 16. Nf4 Qd7 17. Nxg5 fxg5 18. Nxe6 Qxe6 19. Re1 Qf6 20. Rb1 f4 21. Qd2 f3 22. Bf1 a6 23. a4 h5 24. b5 axb5 25. axb5 h4 26. Bd3 hxg3 27. hxg3 Qe6 28. Bf1 Kh7 29. bxc6 bxc6 30. Rb6 Rh8 31. Reb1 Kg8 32. Rb8+ Rxb8 33. Rxb8+ Bf8 34. Qa5 g4 35. Qd8 Qf7 36. Qd6 Rh7 37. Qxc6 Qg7 38. Qe6+ Kh8 39. Qd6 Kg8 40. Qxd5+ Kh8 41. Qd6 Kg8 42. Bc4+ 1-0

[Event "ROM-ch U14"]
[Site "Calimanesti"]
[Date "2013.04.06"]
[Round "7"]
[White "Samfirescu, Andrei Alexandru"]
[Black "Raduta Gib, Stefan Vladimir"]
[Result "0-1"]
[WhiteElo "1531"]
[BlackElo "1227"]
[PlyCount "86"]
[EventDate "2013.04.02"]
[EventType "swiss"]
[EventRounds "9"]
[EventCountry "ROU"]
[SourceTitle "CBM 153 Extra"]
[Source "ChessBase"]
[SourceDate "2013.04.22"]
[SourceVersion "1"]
[SourceVersionDate "2013.04.22"]
[SourceQuality "1"]

1. e4 c6 2. d4 d5 3. e5 Bf5 4. Bd3 Bxd3 5. Qxd3 e6 6. Nf3 Nd7 7. Be3 Qb6 8. Qb3 Qxb3 9. axb3 c5 10. c3 cxd4 11. Bxd4 Bc5 12. Nbd2 Ne7 13. 0-0 Nc6 14. Rfc1 0-0 15. b4 Bxd4 16. cxd4 a6 17. h3 Rac8 18. Ra4 Nb6 19. Ra3 Nxe5 20. Rxc8 Nxf3+ 21. Nxf3 Rxc8 22. Rc3 Rxc3 23. bxc3 Na4 24. Ne5 Nxc3 25. Kf1 Nb5 26. Nf3 Kf8 27. Ke1 Ke7 28. Kd2 Kf6 29. Kd3 b6 30. Ne5 a5 31. bxa5 bxa5 32. Nd7+ Kf5 33. Nc5 Kf4 34. Na4 g5 35. Nc5 h5 36. Na4 h4 37. Nc5 g4 38. hxg4 Kxg4 39. Ke3 h3 40. gxh3+ Kxh3 41. Kd3 Kg4 42. Ke3 Nd6 43. Na4 Nf5+ 0-1

[Event "ROM-ch U14"]
[Site "Calimanesti"]
[Date "2013.04.03"]
[Round "2"]
[White "Raduta Gib, Stefan Vladimir"]
[Black "Dumitrescu, George Mihai"]
[Result "0-1"]
[WhiteElo "1227"]
[BlackElo "1615"]
[PlyCount "76"]
[EventDate "2013.04.02"]
[EventType "swiss"]
[EventRounds "9"]
[EventCountry "ROU"]
[SourceTitle "CBM 153 Extra"]
[Source "ChessBase"]
[SourceDate "2013.04.22"]
[SourceVersion "1"]
[SourceVersionDate "2013.04.22"]
[SourceQuality "1"]

1. d4 d5 2. Nf3 Nf6 3. Bf4 e6 4. e3 Bd6 5. Bxd6 Qxd6 6. Be2 Qb4+ 7. Nbd2 Qxb2 8. 0-0 0-0 9. Qb1 Qxb1 10. Raxb1 Nbd7 11. c4 c6 12. Rfc1 b6 13. a4 Bb7 14. c5 Rab8 15. Rb2 Rfc8 16. Rcb1 h6 17. h3 Rc7 18. Nb3 Ne4 19. Rc2 Bc8 20. Rbb2 bxc5 21. dxc5 Nexc5 22. Nxc5 Rxb2 23. Rxb2 Nxc5 24. Rb4 Nd7 25. Kf1 c5 26. Rf4 c4 27. Ke1 Nb6 28. Bd1 Nd7 29. Rd4 Rc5 30. Bc2 e5 31. Nxe5 Nxe5 32. e4 Nc6 33. Rxd5 Rxd5 34. exd5 Nb4 35. Be4 Bb7 36. d6 Bxe4 37. d7 Nc6 38. g4 Kf8 0-1